Szczegóły MARC21

Wychowanie narodowo-polityczne /

003 -Nazwa inst., której nr kontr. jest w polu 001 [,]
    • @
    • Nazwa instytucji, której n kontrolny jest w polu 001
    • NUKAT
005 -DATA I CZAS OSTATNIEJ MODYFIKACJI [,]
    • @
    • pole kontrolne
    • 20250715173308.0
040 -Instytucja sporządzająca opis [ , ]
    • a
    • Instytucja, która sporządziła opis (NP)
    • GD U/MZ
    • c
    • Instytucja, która sporządziła rekord (NP)
    • GD U/MZ
    • d
    • Instytucja, która zmodyfikowała rekord (P)
    • GD U/MZ
    • d
    • Instytucja, która zmodyfikowała rekord (P)
    • GD U/BDs
    • d
    • Instytucja, która zmodyfikowała rekord (P)
    • KR 295/AJ
    • d
    • Instytucja, która zmodyfikowała rekord (P)
    • KR 119/jp
    • d
    • Instytucja, która zmodyfikowała rekord (P)
    • WA 241/DUNJF
041 -Język dokumentu [1, ]
    • a
    • Język tekstu (P)
    • polski
    • h
    • Język tekstu oryginalnego i/lub pośredniego (P)
    • niemiecki
044 -Kraj miejsca wydania [ , ]
    • a
    • Kraj miejsca wydania
    • Ukraina
    • a
    • Kraj miejsca wydania
    • Polska
942 -Rodzaj dokumentu [ , ]
    • c
    • Rodzaj dokumentu
    • Książka
100 -Hasło główne - nazwa osobowa [1, ]
    • a
    • Nazwa osobowa (NP)
    • Krieck, Ernst
    • d
    • Daty biograficzne (NP)
    • (1882-1947).
    • 9
    • KHW
    • 493720
240 -Tytuł ujednolicony [1,0]
    • a
    • Tytuł ujednolicony
    • Nationalpolitische Erziehung
    • l
    • Język tekstu
    • (pol.)
    • 9
    • KHW
    • 501565
245 -Strefa tytułu i oznaczenia odpowiedzialności [1,0]
    • a
    • Tytuł
    • Wychowanie narodowo-polityczne / Find
    • c
    • Pozostałe elementy strefy tytułu i oznaczenia odpowiedzialności (NP)
    • Ernst Krieck ; z oryg. niem. przeł. O. Wawrzkowicz ; wstęp napisał Antoni Ryniewicz.
260 -Strefa adresu wydawniczego [ , ]
    • a
    • Miejsce wydania (P)
    • Lwów ;
    • a
    • Miejsce wydania (P)
    • Warszawa :
    • b
    • Nazwa wydawcy (P)
    • Książnica-Atlas,
    • c
    • Data wydania (P)
    • [post 1936].
300 -Strefa opisu fizycznego [ , ]
    • a
    • Określenie formy książki i/lub objętość (NP)
    • 267 s. ;
    • c
    • Format (NP)
    • 21 cm.
336 -Typ zawartości [ , ]
    • a
    • Termin opisujący typ zawartości
    • Tekst
    • b
    • Kod określający zawartość
    • txt
    • 2
    • Źródło (terminu i kodu)
    • rdacontent
337 -Typ mediów [ , ]
    • a
    • Tryb odtwarzania
    • Bez urządzenia pośredniczącego
    • b
    • Kod typu mediów
    • n
    • 2
    • Źródło (terminu i kodu)
    • rdamedia
338 -Typ/rodzaj nośnika [ , ]
    • a
    • Hasło opisujące typ nośnika
    • Wolumin
    • b
    • Kod typu nośnika
    • nc
    • 2
    • Źródło (terminu i kodu)
    • rdacarrier
490 -Strefa serii i książki wielotomowej - forma nie do wyszukiwania [1, ]
    • a
    • Tytuł (P)
    • Biblioteka Przekładów Dzieł Pedagogicznych ; Find
    • v
    • Numeracja (P)
    • t. 32
830 -Hasło dodatkowe serii i opisu książki wielotomowej - tytuł ujednolicony/tytuł [ ,0]
    • a
    • Tytuł ujednolicony/tytuł (NP)
    • Biblioteka Przekładów Dzieł Pedagogicznych
    • v
    • Oznaczenie tomu (NP)
    • t. 32
    • 9
    • KHW
    • 58424
530 -Uwaga dot. innej postaci fizycznej dokumentu [ , ]
    • a
    • Uwaga dot. innej postaci fizycznej dokumentu
    • Dostępne również w wersji elektronicznej.
080 -Uniwersalna Klasyfikacja Dziesiętna [ , ]
    • a
    • Symbol klasyfikacji
    • 37.035
    • 9
    • UKD
    • 3851
    • 2
    • Identyfikator wydania tablic
    • UDC-P058
    • b
    • Dopowiedzenie
    • Wychowanie społeczne. Wychowanie dla demokracji. Wychowanie patriotyczne.
650 -Hasło przedmiotowe [ ,7]
    • a
    • Hasło przedmiotowe
    • Wychowanie obywatelskie
    • z
    • Określnik geograficzny
    • Polska
    • y
    • Określnik chronologiczny
    • 1900-1945.
    • 2
    • Źródło terminu
    • kaba
    • 9
    • KHW
    • 359477
980 -Symbol UKD [ , ]
    • a
    • UKD
    • 37.035
700 -Hasło dodatkowe - nazwa osobowa [1, ]
    • a
    • Nazwa osobowa (NP)
    • Wawrzkowicz, O. Find
    • e
    • Określenie rodzaju współpracy
    • Tł.
    • 9
    • KHW
    • 493647
700 -Hasło dodatkowe - nazwa osobowa [1, ]
    • a
    • Nazwa osobowa (NP)
    • Ryniewicz, Antoni Find
    • d
    • Daty biograficzne (NP)
    • (1881-1944).
    • e
    • Określenie rodzaju współpracy
    • Wstęp
    • 9
    • KHW
    • 491638
710 -Hasło dodatkowe - nazwa ciała zbiorowego [2, ]
    • a
    • Nazwa ciała zbiorowego lub nazwa geograficzna jako pierwszy element (NP)
    • Książnica-Atlas, Zjednoczone Zakłady Kartograficzne i Wydawnicze Towarzystwa Nauczycieli Szkół Średnich i Wyższych.
    • 4
    • Kod relacji
    • pbl
    • 9
    • KHW
    • 57893
856 -Dostęp do wersji elektronicznej [4,1]
Data inwentaryzacji Lokalizacja Status udost. Numer inwentarzowy
1997-12-02BG1Pd.10406